[Event "GER-ch 92nd"]
[Site "Magdeburg"]
[Date "2021.07.30"]
[Round "8"]
[White "Dyballa, Gerhard"]
[Black "Geue, Niklas"]
[Result "0-1"]
[WhiteElo "1960"]
[BlackElo "2121"]
[PlyCount "96"]
[EventDate "2021.07.25"]
[EventType "swiss"]
[EventRounds "9"]
[EventCountry "GER"]
[SourceTitle "CBM 203 Extra"]
[Source "ChessBase"]
[SourceDate "2021.09.30"]
[SourceVersion "1"]
[SourceVersionDate "2021.09.30"]
[SourceQuality "1"]

1. c4 c5 2. Nc3 g6 3. g3 Bg7 4. Bg2 Nc6 5. Nf3 d6 6. 0-0 Bf5 7. d3 Qd7 8. Bd2 Bh3 9. Ng5 Bxg2 10. Kxg2 h6 11. Nf3 e6 12. Rb1 Nge7 13. a3 0-0 14. b4 b6 15. b5 Nd8 16. a4 f5 17. Qc1 Nf7 18. h4 d5 19. cxd5 exd5 20. a5 d4 21. Na4 Nd5 22. Qc4 Kh7 23. e4 dxe3 24. fxe3 Qb7 25. e4 fxe4 26. dxe4 Nf6 27. Rbe1 Rae8 28. a6 Qa8 29. Nc3 Nd6 30. Qd3 Nfxe4 31. Nxe4 Nxe4 32. Bf4 Nf6 33. Kg1 Qd5 34. Qxd5 Nxd5 35. Rxe8 Rxe8 36. Re1 Rxe1+ 37. Nxe1 Nc3 38. Bb8 Nxb5 39. Nc2 Kg8 40. Kf2 Kf7 41. Na3 Nxa3 42. Bxa7 Bd4+ 43. Ke2 c4 44. Bb8 Nb5 45. a7 Nxa7 46. Bxa7 Ke6 47. Bb8 b5 48. Bf4 h5 0-1

[Event "GER-ch 92nd"]
[Site "Magdeburg"]
[Date "2021.07.29"]
[Round "7"]
[White "Geue, Niklas"]
[Black "Kuhn, Patrick"]
[Result "1/2-1/2"]
[WhiteElo "2121"]
[BlackElo "2073"]
[PlyCount "100"]
[EventDate "2021.07.25"]
[EventType "swiss"]
[EventRounds "9"]
[EventCountry "GER"]
[SourceTitle "CBM 203 Extra"]
[Source "ChessBase"]
[SourceDate "2021.09.30"]
[SourceVersion "1"]
[SourceVersionDate "2021.09.30"]
[SourceQuality "1"]

1. Nf3 d5 2. d4 e6 3. c4 a6 4. cxd5 exd5 5. Nc3 c6 6. Bf4 Bd6 7. Bxd6 Qxd6 8. e3 Ne7 9. h3 Bf5 10. Ne2 h6 11. Ng3 Bh7 12. Bd3 Bxd3 13. Qxd3 Nd7 14. 0-0 0-0 15. b4 b5 16. Qc3 Nb6 17. Ne5 Nc4 18. a4 Rfb8 19. Nd3 Ng6 20. Nc5 Nf8 21. Ra2 a5 22. bxa5 b4 23. Qd3 Ne6 24. Nge4 dxe4 25. Qxc4 Nxc5 26. dxc5 Qd3 27. Rc1 Rxa5 28. g4 Kf8 29. Kg2 Ke7 30. Kg3 Kf6 31. Raa1 Qxc4 32. Rxc4 Ke5 33. Rc2 b3 34. Rc3 b2 35. Rb1 Rxa4 36. Rc2 Rab4 37. f4+ exf3 38. Kxf3 R8b5 39. Rd2 Rb3 40. Kf2 Rxc5 41. Rbxb2 Rxb2 42. Rxb2 Rc1 43. Rb7 Ke6 44. Rc7 g6 45. Kf3 Ke5 46. Kf2 f5 47. Kf3 Rc3 48. Rc8 fxg4+ 49. hxg4 Kf6 50. Kf4 Rc1 1/2-1/2

[Event "GER-ch"]
[Site "Magdeburg"]
[Date "2020.08.22"]
[Round "9"]
[White "Geue, Niklas"]
[Black "Braun, Georg"]
[Result "0-1"]
[WhiteElo "2050"]
[BlackElo "2360"]
[PlyCount "114"]
[EventDate "2020.08.16"]
[EventType "swiss"]
[EventRounds "9"]
[EventCountry "GER"]
[SourceTitle "CBM 197 Extra"]
[Source "ChessBase"]
[SourceDate "2020.09.30"]
[SourceVersion "1"]
[SourceVersionDate "2020.09.30"]
[SourceQuality "1"]

1. Nf3 c5 2. c4 Nc6 3. g3 g6 4. Bg2 Bg7 5. Nc3 e5 6. d3 Nge7 7. 0-0 0-0 8. Rb1 d6 9. a3 Bg4 10. h3 Bf5 11. b4 Rb8 12. Nd2 Qd7 13. Kh2 b6 14. Nde4 Kh8 15. Bg5 f6 16. Bd2 Be6 17. Qc1 f5 18. Ng5 Bg8 19. e4 h6 20. Nf3 Kh7 21. b5 Nd4 22. Nxd4 cxd4 23. Nd5 Nxd5 24. cxd5 Rbc8 25. Qb2 h5 26. Rbc1 Rxc1 27. Bxc1 fxe4 28. dxe4 Rc8 29. Bd2 Rc5 30. a4 Qc7 31. Rc1 Bh6 32. Rxc5 bxc5 33. Bxh6 Kxh6 34. Bf1 Kg7 35. Qc1 Qa5 36. h4 Qxa4 37. Qg5 d3 38. Bxd3 Qd4 39. Qe7+ Bf7 40. Qxa7 Qxf2+ 41. Kh1 Qf3+ 42. Kh2 Qf2+ 43. Kh1 Qe1+ 44. Kg2 Qd2+ 45. Kg1 Qxd3 46. b6 Qe3+ 47. Kf1 c4 48. Qc7 Qc1+ 49. Ke2 Qb2+ 50. Kf3 c3 51. b7 c2 52. b8Q Qxb8 53. Qxb8 c1Q 54. Qxd6 Qc3+ 55. Kf2 Qd4+ 56. Kf3 Qd3+ 57. Kf2 Qxe4 0-1

[Event "GER-ch"]
[Site "Magdeburg"]
[Date "2020.08.16"]
[Round "1"]
[White "Nguyen, Alex Dac Vuong"]
[Black "Geue, Niklas"]
[Result "1/2-1/2"]
[WhiteElo "2366"]
[BlackElo "2050"]
[PlyCount "70"]
[EventDate "2020.08.16"]
[EventType "swiss"]
[EventRounds "9"]
[EventCountry "GER"]
[SourceTitle "CBM 197 Extra"]
[Source "ChessBase"]
[SourceDate "2020.09.30"]
[SourceVersion "1"]
[SourceVersionDate "2020.09.30"]
[SourceQuality "1"]

1. e4 e6 2. d4 d5 3. Nc3 Nf6 4. e5 Nfd7 5. f4 c5 6. Nf3 Nc6 7. Be3 a6 8. Qd2 b5 9. Be2 Qb6 10. Nd1 a5 11. dxc5 Bxc5 12. Bxc5 Nxc5 13. Nf2 0-0 14. Nd4 Ba6 15. Nxc6 Qxc6 16. 0-0 b4 17. b3 Bxe2 18. Qxe2 a4 19. Qd2 Qb6 20. Qd4 Rfb8 21. Rfb1 h6 22. g3 Ra6 23. bxa4 Rxa4 24. Nd3 Nxd3 25. Qxb6 Rxb6 26. cxd3 Rc6 27. Rb2 Rc3 28. Rd1 Raa3 29. Rbd2 b3 30. axb3 Rcxb3 31. Kf2 Rb4 32. Ke3 Re4+ 33. Kf2 Rb4 34. Ke3 Re4+ 35. Kf2 Rb4 1/2-1/2

[Event "Sachsen-Anhalt Verbandsliga 1920"]
[Site "Sachsen Anhalt"]
[Date "2019.12.08"]
[Round "4.1"]
[White "Richter, Tobias"]
[Black "Geue, Niklas"]
[Result "0-1"]
[WhiteElo "2046"]
[BlackElo "2126"]
[PlyCount "44"]
[EventDate "2019.09.29"]
[EventType "team-tourn"]
[EventRounds "9"]
[EventCountry "GER"]
[SourceTitle "EXT 2023"]
[Source "ChessBase"]
[SourceDate "2022.10.05"]
[SourceVersion "1"]
[SourceVersionDate "2022.10.05"]
[SourceQuality "1"]
[WhiteTeam "Merseburg"]
[BlackTeam "Magdeburg USC"]
[WhiteTeamCountry "GER"]
[BlackTeamCountry "GER"]

1. e4 e6 2. d4 d5 3. e5 c5 4. c3 Nc6 5. Nf3 Bd7 6. a3 Nge7 7. b4 cxd4 8. cxd4 Nf5 9. Be3 b5 10. Nc3 a5 11. Nxb5 axb4 12. axb4 Bxb4+ 13. Bd2 Bxd2+ 14. Nxd2 0-0 15. Nb3 Qb6 16. g4 Nh4 17. Rb1 Nxe5 18. dxe5 Bxb5 19. Nd2 Ra5 20. Bxb5 Rxb5 21. 0-0 Rxb1 22. Qxb1 Qd4 0-1

[Event "Sachsen-Anhalt Verbandsliga 18/19"]
[Site "Sachsen Anhalt"]
[Date "2018.11.11"]
[Round "2.1"]
[White "Paul, Johannes"]
[Black "Geue, Niklas"]
[Result "1/2-1/2"]
[WhiteElo "2388"]
[BlackElo "2016"]
[PlyCount "117"]
[EventDate "2018.10.21"]
[EventType "team-tourn"]
[EventRounds "9"]
[EventCountry "GER"]
[SourceTitle "EXT 2022"]
[Source "ChessBase"]
[SourceDate "2021.10.06"]
[SourceVersion "1"]
[SourceVersionDate "2021.10.06"]
[SourceQuality "1"]
[WhiteTeam "Magdeburg Aufbau Elbe II"]
[BlackTeam "Magdeburg USC"]
[WhiteTeamCountry "GER"]
[BlackTeamCountry "GER"]

1. d4 Nf6 2. c4 e6 3. Nc3 Bb4 4. e3 0-0 5. Bd3 c5 6. Nf3 d5 7. 0-0 cxd4 8. exd4 dxc4 9. Bxc4 b6 10. Bg5 Bb7 11. Rc1 Be7 12. Qe2 Nc6 13. Rfd1 Nb4 14. Ne5 Rc8 15. Nxf7 Kxf7 16. Bxe6+ Ke8 17. d5 Ba6 18. Nb5 Rxc1 19. Bxc1 Bc5 20. Bd7+ Kf7 21. Be6+ Ke8 22. a3 Ne4 23. Qxe4 Bxf2+ 24. Kh1 Bxb5 25. axb4 Qh4 26. Qe5 Bd4 27. Bf7+ Kd7 28. Qe6+ Kc7 29. g3 Qf6 30. Qxf6 Bxf6 31. Be6 Be5 32. Kg1 Kd6 33. b3 Rf3 34. Bf4 Bxf4 35. gxf4 Rxf4 36. Ra1 a6 37. Bc8 Rxb4 38. Bxa6 Bxa6 39. Rxa6 Kxd5 40. Ra7 Rg4+ 41. Kf2 Kc5 42. Kf3 Rg1 43. Kf2 Rg5 44. Ra4 Rh5 45. Kg3 g5 46. Rc4+ Kb5 47. Rg4 h6 48. Re4 Ka6 49. Ra4+ Kb7 50. Rb4 Kc6 51. Rc4+ Kd7 52. Rd4+ Kc7 53. Rc4+ Kb8 54. h3 Kb7 55. Rb4 Kc7 56. Rc4+ Kb8 57. Re4 Kb7 58. Rb4 Kc6 59. Rc4+ 1/2-1/2

[Event "Sachsen-Anhalt Verbandsliga 2017/18"]
[Site "Sachsen Anhalt"]
[Date "2018.04.14"]
[Round "8.1"]
[White "Geue, Niklas"]
[Black "Kahe, Ralph"]
[Result "1/2-1/2"]
[WhiteElo "2005"]
[BlackElo "2180"]
[PlyCount "75"]
[EventDate "2017.12.22"]
[EventType "team-tourn"]
[EventRounds "9"]
[EventCountry "GER"]
[SourceTitle "EXT 2020"]
[Source "ChessBase"]
[SourceDate "2019.10.17"]
[SourceVersion "1"]
[SourceVersionDate "2019.10.17"]
[SourceQuality "1"]
[WhiteTeam "Magdeburg USC"]
[BlackTeam "Magdeburg Rochade II"]
[WhiteTeamCountry "GER"]
[BlackTeamCountry "GER"]

1. e4 g6 2. d4 Bg7 3. Nc3 a6 4. Be3 b5 5. a3 Bb7 6. Qd2 d6 7. f3 Nd7 8. h4 h5 9. Nh3 c5 10. Ng5 Rc8 11. Be2 cxd4 12. Bxd4 Bxd4 13. Qxd4 Ngf6 14. 0-0 Qb6 15. Rfd1 Qxd4+ 16. Rxd4 Ne5 17. Kf2 0-0 18. Rd2 Rc5 19. Na2 Rfc8 20. Rc1 d5 21. exd5 Nxd5 22. Nb4 Nf4 23. Bf1 a5 24. g3 axb4 25. gxf4 Nc4 26. axb4 Nxd2 27. bxc5 Rxc5 28. Bd3 Nc4 29. b3 Nd6 30. Ne4 Bxe4 31. fxe4 e5 32. fxe5 Rxe5 33. Ke3 Kg7 34. Kd4 f6 35. Ra1 g5 36. Ra6 Ne8 37. hxg5 Rxg5 38. Rb6 1/2-1/2

[Event "GER-chT U16"]
[Site "Magdeburg"]
[Date "2014.12.28"]
[Round "4.1"]
[White "Geue, Niklas"]
[Black "Schulte, Felix"]
[Result "1-0"]
[WhiteElo "1896"]
[BlackElo "1816"]
[PlyCount "83"]
[EventDate "2014.12.27"]
[EventType "team-swiss"]
[EventRounds "7"]
[EventCountry "GER"]
[SourceTitle "EXT 2016"]
[Source "ChessBase"]
[SourceDate "2015.10.08"]
[SourceVersion "1"]
[SourceVersionDate "2015.10.08"]
[SourceQuality "1"]
[WhiteTeam "Magdeburg USC"]
[BlackTeam "Halle Volksbank"]
[WhiteTeamCountry "GER"]
[BlackTeamCountry "GER"]

1. e4 c5 2. Nf3 e6 3. d4 cxd4 4. Nxd4 a6 5. Nc3 Qc7 6. Bd3 Nf6 7. 0-0 d6 8. Kh1 Be7 9. Qe2 Nbd7 10. a4 b6 11. f4 Bb7 12. Bd2 0-0 13. Rae1 Rfd8 14. Nb3 Qc6 15. Qf2 Qc7 16. Nd4 Nc5 17. b4 Nxd3 18. cxd3 d5 19. e5 Nd7 20. Rc1 Qb8 21. Nce2 Rc8 22. Qg3 g6 23. Qh3 Rxc1 24. Rxc1 Qd8 25. Nxe6 fxe6 26. Qxe6+ Kh8 27. f5 gxf5 28. Nd4 Nf8 29. Qxf5 Qe8 30. Rc7 Bc8 31. e6 Ng6 32. Bc3 Kg8 33. Qxd5 Qf8 34. Nf5 Rb8 35. Nxe7+ Nxe7 36. Qg5+ Ng6 37. Rg7+ Qxg7 38. Bxg7 Kxg7 39. Qd8 Ra8 40. e7 Nxe7 41. Qxe7+ Kg6 42. Qe4+ 1-0

[Event "GER-chT U16"]
[Site "Magdeburg"]
[Date "2014.12.28"]
[Round "3.1"]
[White "Hoeglauer, Patrick"]
[Black "Geue, Niklas"]
[Result "1-0"]
[WhiteElo "2058"]
[BlackElo "1896"]
[PlyCount "91"]
[EventDate "2014.12.27"]
[EventType "team-swiss"]
[EventRounds "7"]
[EventCountry "GER"]
[SourceTitle "EXT 2016"]
[Source "ChessBase"]
[SourceDate "2015.10.08"]
[SourceVersion "1"]
[SourceVersionDate "2015.10.08"]
[SourceQuality "1"]
[WhiteTeam "Backnang"]
[BlackTeam "Magdeburg USC"]
[WhiteTeamCountry "GER"]
[BlackTeamCountry "GER"]

1. e4 e6 2. d4 d5 3. Nc3 dxe4 4. Nxe4 Nd7 5. Bd3 Ngf6 6. Qe2 c5 7. Nxf6+ Nxf6 8. dxc5 Bxc5 9. Bd2 0-0 10. 0-0-0 Qe7 11. Nf3 b6 12. Ne5 Bb7 13. Rhe1 Rfd8 14. g4 Nd7 15. Bc3 Bd6 16. Bxh7+ Kxh7 17. Qd3+ Kg8 18. Qxd6 Qxd6 19. Rxd6 Nxe5 20. Bxe5 Rxd6 21. Bxd6 Rd8 22. Be5 Bf3 23. g5 Kh7 24. g6+ Kxg6 25. Rg1+ Kf5 26. Bxg7 Rg8 27. Rg3 Bh5 28. b4 f6 29. b5 Bg6 30. Bh6 Rh8 31. Be3 e5 32. a4 Rxh2 33. a5 Rh4 34. axb6 axb6 35. Rf3+ Ke6 36. Bxb6 Rc4 37. c3 Be8 38. Bd8 Bxb5 39. Rxf6+ Kd5 40. Rb6 Bc6 41. Kd2 Ke4 42. Bf6 Kf3 43. Bxe5 Kxf2 44. Kd3 Bd5 45. Rd6 Bg8 46. Rf6+ 1-0

[Event "GER-ch U16"]
[Site "Magdeburg"]
[Date "2014.06.10"]
[Round "4"]
[White "Scheftlein, Richard"]
[Black "Geue, Niklas"]
[Result "1-0"]
[WhiteElo "1916"]
[BlackElo "1859"]
[PlyCount "79"]
[EventDate "2014.06.08"]
[EventType "swiss"]
[EventRounds "9"]
[EventCountry "GER"]
[SourceTitle "CBM 160 Extra"]
[Source "ChessBase"]
[SourceDate "2014.07.01"]
[SourceVersion "1"]
[SourceVersionDate "2014.07.01"]
[SourceQuality "1"]

1. c4 e5 2. Nc3 Nc6 3. g3 f5 4. Bg2 Nf6 5. e3 Be7 6. Nge2 0-0 7. d4 d6 8. 0-0 Qe8 9. a3 Qh5 10. b4 a6 11. Nd5 Bd8 12. Nec3 Qh6 13. b5 axb5 14. cxb5 Ne7 15. Nxf6+ Qxf6 16. a4 Kh8 17. Bb2 c6 18. dxe5 dxe5 19. Qc2 Bb6 20. Ne2 Bd7 21. Qc3 cxb5 22. a5 Bd8 23. Bxb7 Ra7 24. a6 Bb6 25. Qxe5 Qxe5 26. Bxe5 Nc6 27. Bd6 Re8 28. Rfc1 Nd8 29. Bc7 Bxc7 30. Rxc7 Be6 31. Nd4 Bc4 32. Nxf5 Ne6 33. Re7 Rd8 34. Nd6 Nc5 35. Nc8 Rxc8 36. Bxc8 Rxe7 37. a7 Bd5 38. Bb7 Rxb7 39. a8Q+ Bg8 40. Qc8 1-0

[Event "GER-chT Nord-Ost U20 U20 1112"]
[Site "Germany"]
[Date "2012.05.12"]
[Round "8"]
[White "Paul, Fabian"]
[Black "Geue, Niklas"]
[Result "0-1"]
[WhiteElo "1453"]
[BlackElo "1352"]
[PlyCount "68"]
[EventDate "2011.09.24"]
[EventType "team-tourn"]
[EventRounds "9"]
[EventCountry "GER"]
[SourceTitle "EXT 2015"]
[Source "ChessBase"]
[SourceDate "2014.11.20"]
[SourceVersion "1"]
[SourceVersionDate "2014.11.20"]
[SourceQuality "1"]

1. c4 Nf6 2. Nc3 c5 3. g3 d5 4. cxd5 Nxd5 5. Bg2 Nc7 6. Nf3 Nc6 7. 0-0 g6 8. a3 Bg7 9. d3 0-0 10. Rb1 Bf5 11. e4 Be6 12. Ng5 Nd4 13. Nxe6 Ncxe6 14. b4 cxb4 15. axb4 Rc8 16. Nd5 Nc7 17. Nxc7 Rxc7 18. Be3 Nb5 19. Qd2 Rc3 20. Rfd1 Ra3 21. Rbc1 Nc3 22. Re1 Na2 23. Ra1 Bc3 24. Qe2 Bxe1 25. Qb2 Bc3 26. Qxa3 Bxa1 27. Qxa2 Bd4 28. Bh6 Re8 29. Qc4 Qb6 30. Qd5 Bxf2+ 31. Kf1 Bd4 32. Bh3 Rd8 33. Qb3 Qf6+ 34. Bf4 e5 0-1